000 00280nam a22001337a 4500
008 170327b xxu||||| |||| 00| 0 eng d
020 _a9780929661636
041 _aeng
080 _a61
100 _a4
101 _aSHM
245 _aMEDICAL TESTS
_cMARGOLIS, S
942 _2udc
_cBK
999 _c8667
_d8667